Environmental geology /
Saved in:
| Main Author: | |
|---|---|
| Format: | Book (Paper) |
| Published: |
Boston :
McGraw-Hill,
2003
|
| Edition: | 6th ed. |
| Subjects: | |
| Online Access: | Table of contents Publisher description |
| Tags: |
Add Tag
No Tags, Be the first to tag this record!
|
| Institutions: | Thư viện Trường Đại học Đà Lạt |
|---|
| LEADER | 01096nam a2200349 4500 | ||
|---|---|---|---|
| 001 | DLU060055905 | ||
| 005 | ##20061030 | ||
| 008 | ##010606s2003 iauab b 001 0 eng | ||
| 010 | # | # | |a 2001041036 |
| 020 | # | # | |a 0073661953 (pbk. : recycled, acid-free paper) |
| 040 | # | # | |a DLC |c DLC |d DLC |
| 050 | # | # | |a QE38 |b .M66 2003 |
| 082 | # | # | |a 550 |b MO-C |
| 100 | # | # | |a Montgomery, Carla W., |d 1951- |
| 245 | # | # | |a Environmental geology / |c Carla W. Montgomery |
| 250 | # | # | |a 6th ed. |
| 260 | # | # | |a Boston : |b McGraw-Hill, |c 2003 |
| 300 | # | # | |a xx, 554 p. : |b ill. (some col.), col. maps ; |c 28 cm |
| 504 | # | # | |a Includes bibliographical references and index |
| 650 | # | # | |a Environmental geology |
| 856 | # | # | |3 Table of contents |u http://www.loc.gov/catdir/toc/mh021/2001041036.html |
| 856 | # | # | |3 Publisher description |u http://www.loc.gov/catdir/description/mh021/2001041036.html |
| 923 | # | # | |a 25/2006 |
| 992 | # | # | |a 28.700 |
| 994 | # | # | |a DLU |
| 900 | # | # | |a True |
| 911 | # | # | |a Đào Thị Thu Huyền |
| 925 | # | # | |a G |
| 926 | # | # | |a A |
| 927 | # | # | |a SH |
| 980 | # | # | |a Thư viện Trường Đại học Đà Lạt |


